[Event "French Top 12 2013"]
[Site "Haguenau FRA"]
[Date "2013.06.07"]
[Round "9.2"]
[White "Sokolov, Ivan"]
[Black "Postny, Evgeny"]
[Result "1-0"]
[WhiteTitle "GM"]
[BlackTitle "GM"]
[WhiteElo "2642"]
[BlackElo "2637"]
[WhiteTeam "L'Echiquier Chalonnais"]
[BlackTeam "Club d'Echecs Metz Fischer"]
[WhiteFideId "14400030"]
[BlackFideId "2804344"]
[EventDate "2013.05.30"]

1. d4 d5 2. c4 dxc4 3. Nf3 Nf6 4. e3 e6 5. Bxc4 a6 6. a4 b6 7. Nc3 Bb7 8. O-O
Nbd7 9. e4 Nxe4 10. Nxe4 Bxe4 11. d5 e5 12. d6 Bxd6 13. Bxf7+ Kxf7 14. Ng5+ Ke7
15. Nxe4 Nf6 16. Bg5 h6 17. Bxf6+ gxf6 18. Qc2 Qd7 19. f4 Bc5+ 20. Nxc5 Qd4+ 21.
Kh1 Qxc5 22. Qf5 e4 23. Qxe4+ Kf7 24. Rac1 Qe7 25. Qxe7+ Kxe7 26. Rxc7+ Ke6 27.
f5+ Kd6 28. Rfc1 Ke5 29. R7c6 Rhd8 30. Rf1 Re8 31. Rxb6 Rab8 32. Rxa6 Rxb2 33.
g3 Rf8 34. Re6+ Kd5 35. a5 h5 36. Kg1 h4 37. Rf2 Rb3 38. Rd2+ Kc5 39. gxh4 Rf3
40. Rf2 Ra3 41. Rc2+ Kd4 42. a6 Ra5 43. Rd2+ Kc3 44. Rf2 Rg8+ 45. Kf1 Kd3 46.
Rf3+ Kd4 47. Rf4+ Kd5 48. Rf2 Ra1+ 49. Ke2 Ra2+ 50. Kf3 Ra3+ 51. Re3 Rxa6 52.
Rd2+ Kc5 53. Red3 Rh8 54. Rd5+ Kc4 55. R2d4+ Kc3 56. Rd8 Rh7 57. R4d6 Ra4 58.
Rd3+ Kc2 59. Rd2+ Kc1 60. R2d4 Ra3+ 61. Kg4 Rg7+ 62. Kh5 Ra5 63. R4d5 Ra4 64.
Rc5+ Kb2 65. Rb8+ Ka2 66. Kh6 Rg2 67. h5 Ra6 68. h4 Ka3 69. Rcb5 Ra7 70. Rb1 Ka2
71. R1b6 1-0

[Event "French Top 12 2013"]
[Site "Haguenau FRA"]
[Date "2013.06.07"]
[Round "9.3"]
[White "Wirig, Anthony"]
[Black "Krasenkow, Michal"]
[Result "0-1"]
[WhiteTitle "GM"]
[BlackTitle "GM"]
[WhiteElo "2498"]
[BlackElo "2642"]
[WhiteTeam "Club d'Echecs Metz Fischer"]
[BlackTeam "L'Echiquier Chalonnais"]
[WhiteFideId "615013"]
[BlackFideId "1113100"]
[EventDate "2013.05.30"]

1. c4 e5 2. Nc3 d6 3. Nf3 f5 4. d4 e4 5. Ng5 Be7 6. h4 Nf6 7. g3 c6 8. Nh3 Na6
9. Bg5 h6 10. Bxf6 Bxf6 11. e3 g5 12. Be2 Nc7 13. Bh5+ Ke7 14. g4 d5 15. f3 fxg4
16. hxg5 hxg5 17. fxg4 Qd6 18. Qe2 Be6 19. O-O-O Raf8 20. Nf2 Kd8 21. Rhf1 Be7
22. Nh1 Ne8 23. cxd5 cxd5 24. Qb5 Qa6 25. Rxf8 Rxf8 26. Bxe8 Rxe8 27. Qb3 Kc8
28. Ng3 Bxg4 29. Rh1 Bd6 30. Rh6 Qd3 31. Rxd6 Qxd4 32. exd4 e3 33. Qxd5 0-1

[Event "French Top 12 2013"]
[Site "Haguenau FRA"]
[Date "2013.06.07"]
[Round "9.4"]
[White "Salgado Lopez, Ivan"]
[Black "Chernov, Vadim"]
[Result "1-0"]
[WhiteTitle "GM"]
[BlackTitle "IM"]
[WhiteElo "2598"]
[BlackElo "2462"]
[WhiteTeam "L'Echiquier Chalonnais"]
[BlackTeam "Club d'Echecs Metz Fischer"]
[WhiteFideId "2257327"]
[BlackFideId "1210629"]
[EventDate "2013.05.30"]

1. e4 c5 2. Nf3 e6 3. d4 cxd4 4. Nxd4 Nf6 5. Nc3 Nc6 6. Ndb5 Bc5 7. Nd6+ Ke7 8.
Bf4 e5 9. Nf5+ Kf8 10. Bg5 Bb4 11. Ne3 h6 12. Bxf6 Bxc3+ 13. bxc3 Qxf6 14. Bc4
d6 15. O-O g5 16. Rb1 Kg7 17. Qe2 Rb8 18. Rfd1 Rd8 19. Rd3 Ne7 20. Rbd1 b6 21.
Qd2 Bb7 22. f3 b5 23. Bb3 d5 24. Bxd5 Bxd5 25. Nxd5 Nxd5 26. Rxd5 Rxd5 27. exd5
Qd6 28. Qe3 a6 29. h4 gxh4 30. Qe4 Kf8 31. Re1 Rd8 32. Qxe5 Qxe5 33. Rxe5 f6 34.
Re6 Kf7 35. c4 bxc4 36. Rxa6 Rxd5 37. Rc6 Ra5 38. Rxc4 Rxa2 39. Kh2 Ra1 40. Rxh4
Rc1 41. Rc4 Kg6 42. Kg3 h5 43. Kf4 h4 44. Ke3 Rh1 45. Kd3 f5 46. Rc8 Kg5 47. Ke3
Re1+ 48. Kf2 Rc1 49. Rc5 Kf4 50. Rc4+ Kg5 51. g4 hxg3+ 52. Kxg3 f4+ 53. Kf2 Rd1
54. Ke2 Rd5 55. Re4 Ra5 56. Rd4 Ra3 57. Rd3 Ra2 58. Kd1 Kf5 59. Kc1 Ke5 60. Kb1
Ra8 61. c3 Rb8+ 62. Kc2 Rc8 63. Rd7 Ra8 64. c4 Ra3 65. Rd3 Ra8 66. Kb3 Rc8 67.
Kc3 Ra8 68. Rd5+ Kf6 69. Kd4 Ra3 70. Ke4 Rc3 71. Rc5 Ke6 72. Kxf4 Kd6 73. Ke4 1-0

[Event "French Top 12 2013"]
[Site "Haguenau FRA"]
[Date "2013.06.07"]
[Round "9.5"]
[White "Terrieux, Kevin"]
[Black "David, Alberto"]
[Result "1/2-1/2"]
[WhiteTitle "IM"]
[BlackTitle "GM"]
[WhiteElo "2427"]
[BlackElo "2584"]
[WhiteTeam "Club d'Echecs Metz Fischer"]
[BlackTeam "L'Echiquier Chalonnais"]
[WhiteFideId "622591"]
[BlackFideId "4000013"]
[EventDate "2013.05.30"]

1. d4 d5 2. c4 e6 3. Nc3 Be7 4. Nf3 Nf6 5. cxd5 exd5 6. Bg5 c6 7. Qc2 g6 8. e3
Bf5 9. Bd3 Bxd3 10. Qxd3 Nbd7 11. Bh6 Bf8 12. Bg5 Be7 13. Bh6 Ng4 14. Bf4 Nb6
15. h3 Nf6 16. Ne5 Nfd7 17. O-O Nxe5 18. dxe5 O-O 19. e4 dxe4 20. Qxe4 Qd7 21.
Be3 Qe6 22. Bxb6 axb6 23. f4 f5 24. Qc2 Rfd8 25. Rad1 Qc4 26. Qb3 Qxb3 27. axb3
Bc5+ 28. Kh2 Bd4 29. Rf3 Bxc3 30. Rxd8+ Rxd8 31. bxc3 Kf7 32. c4 Ke6 33. Kg1
Rd1+ 34. Kf2 Rd2+ 1/2-1/2

[Event "French Top 12 2013"]
[Site "Haguenau FRA"]
[Date "2013.06.07"]
[Round "9.6"]
[White "Cossin, Sebastien"]
[Black "Pucher, Sebastien"]
[Result "1/2-1/2"]
[WhiteTitle "IM"]
[WhiteElo "2509"]
[BlackElo "2244"]
[WhiteTeam "L'Echiquier Chalonnais"]
[BlackTeam "Club d'Echecs Metz Fischer"]
[WhiteFideId "618802"]
[BlackFideId "627232"]
[EventDate "2013.05.30"]

1. d4 Nf6 2. c4 e6 3. Nf3 d5 4. e3 Nbd7 5. Nbd2 b6 6. Bd3 Bb7 7. O-O Be7 8. b3
O-O 9. Bb2 Ne4 10. Rc1 f5 11. cxd5 exd5 12. Qc2 Rc8 13. Rfd1 Bd6 14. Nf1 Qf6 15.
Ng3 g5 16. b4 g4 17. Ne5 Nxe5 18. dxe5 Bxe5 19. Bxe5 Qxe5 20. b5 c5 21. bxc6
Rxc6 22. Qe2 Nxg3 23. hxg3 Rxc1 24. Rxc1 Rc8 25. Rd1 Rc5 26. Qd2 Kg7 27. Qb4 Bc8
28. Qa4 Rc7 29. Qb4 Rc5 30. Qb1 Kg6 31. Bc2 Be6 32. Bb3 Qc3 33. Kh2 b5 34. Rd4
h5 35. Qd1 a5 36. Bxd5 Bxd5 37. Rxd5 Rxd5 38. Qxd5 Qc4 39. Qd6+ Kg7 40. Qd2 a4
41. Qd7+ Kf6 42. a3 Ke5 1/2-1/2

[Event "French Top 12 2013"]
[Site "Haguenau FRA"]
[Date "2013.06.07"]
[Round "9.7"]
[White "Hisler, Thomas"]
[Black "Vernay, Clovis"]
[Result "0-1"]
[BlackTitle "IM"]
[WhiteElo "2202"]
[BlackElo "2434"]
[WhiteTeam "Club d'Echecs Metz Fischer"]
[BlackTeam "L'Echiquier Chalonnais"]
[WhiteFideId "617997"]
[BlackFideId "633046"]
[EventDate "2013.05.30"]

1. e4 e6 2. d4 d5 3. Nc3 Nf6 4. Bg5 Be7 5. e5 Nfd7 6. h4 h6 7. Bxe7 Qxe7 8. f4
a6 9. Qd2 b5 10. Nf3 Nb6 11. Rh3 N8d7 12. a4 Nc4 13. Bxc4 bxc4 14. Rg3 Rg8 15.
f5 Bb7 16. f6 Qf8 17. fxg7 Rxg7 18. Rxg7 Qxg7 19. O-O-O O-O-O 20. Re1 Bc6 21.
Re2 a5 22. b3 Kb7 23. Nd1 Ra8 24. Qc3 Nb6 25. Nb2 Qf8 26. Rf2 Qa3 27. Kd2 Qb4
28. Nh2 Rg8 29. g4 Qe7 30. Qg3 Nd7 31. Rf4 f6 32. bxc4 fxe5 33. cxd5 exf4 34.
dxc6+ Kxc6 35. Qf3+ Kb6 36. Nc4+ Ka7 37. Qxf4 Nb6 38. Ne5 Qb4+ 39. c3 Qb2+ 40.
Kd3 Qb1+ 41. Ke2 Nd5 42. Qd2 Qe4+ 43. Kd1 Ne3+ 44. Kc1 Qh1+ 0-1

[Event "French Top 12 2013"]
[Site "Haguenau FRA"]
[Date "2013.06.08"]
[Round "10.1"]
[White "Landa, Konstantin"]
[Black "Sokolov, Ivan"]
[Result "1-0"]
[WhiteTitle "GM"]
[BlackTitle "GM"]
[WhiteElo "2644"]
[BlackElo "2642"]
[WhiteTeam "Vandoeuvre-Echecs"]
[BlackTeam "L'Echiquier Chalonnais"]
[WhiteFideId "4101685"]
[BlackFideId "14400030"]
[EventDate "2013.05.30"]

1. e4 e5 2. Nf3 Nc6 3. Bc4 Bc5 4. c3 Nf6 5. d4 exd4 6. e5 d5 7. Bb5 Ne4 8. cxd4
Bb6 9. Nc3 O-O 10. Be3 Bf5 11. O-O Ne7 12. Bd3 Rc8 13. Na4 Ba5 14. Qc2 c5 15.
dxc5 Nc6 16. Nd4 Nb4 17. Qb3 Nxd3 18. Nxf5 Nxe5 19. Rad1 Nf6 20. Nc3 Bxc3 21.
Qxc3 Qe8 22. Bf4 Ng6 23. Bh6 Qd7 24. Nxg7 Rc6 25. Rfe1 b6 26. b4 a5 27. a3 axb4
28. axb4 bxc5 29. bxc5 Rd8 30. h3 d4 31. Qf3 Kh8 32. Nf5 d3 33. Nd6 Rxd6 34.
cxd6 Qxd6 35. Rxd3 Ne5 36. Rxe5 1-0

[Event "French Top 12 2013"]
[Site "Haguenau FRA"]
[Date "2013.06.08"]
[Round "10.2"]
[White "Krasenkow, Michal"]
[Black "Bauer, Christian"]
[Result "1/2-1/2"]
[WhiteTitle "GM"]
[BlackTitle "GM"]
[WhiteElo "2642"]
[BlackElo "2638"]
[WhiteTeam "L'Echiquier Chalonnais"]
[BlackTeam "Vandoeuvre-Echecs"]
[WhiteFideId "1113100"]
[BlackFideId "603767"]
[EventDate "2013.05.30"]

1. Nf3 c5 2. c4 Nc6 3. d4 cxd4 4. Nxd4 Nf6 5. Nc3 e6 6. a3 Nxd4 7. Qxd4 b6 8.
Qf4 Bb7 9. e4 Bc5 10. Be2 O-O 11. e5 Ne8 12. Ne4 Be7 13. Bf3 Qc8 14. O-O f6 15.
Qh4 Qc7 16. Rd1 Bd8 17. exf6 Nxf6 18. Ng5 Bxf3 19. Nxf3 Rc8 20. b3 b5 21. Bf4
Qb7 22. Be3 Ne4 23. Qg4 Bf6 24. Rac1 Bb2 25. Rc2 Bxa3 26. Bh6 Rf7 27. Ne5 Nf6
28. Qg3 Re7 29. Re2 bxc4 30. bxc4 Bb4 31. Qh4 Rf8 32. Bg5 Bc5 33. Ng4 Qb3 34.
Rf1 Bd4 35. Nxf6+ Bxf6 36. Bxf6 Rxf6 37. Qd4 Qb6 38. c5 Qc6 39. Ra2 Rf5 40. Rxa7
Rxc5 41. Qh4 Re8 42. h3 h6 43. Rd1 Rg5 44. g3 Rd5 45. Rxd5 Qxd5 46. Ra1 Rf8 47.
Rf1 e5 48. Qg4 Rf6 49. Qe2 e4 50. Rd1 Qf5 51. Rd2 Rg6 52. Qc4+ Kh7 53. Qd5 Qf3
54. Rd4 Re6 55. Rb4 h5 56. Rb5 h4 57. g4 Qxh3 58. Qh5+ Rh6 59. Qf5+ Rg6 60. Qh5+ 1/2-1/2

[Event "French Top 12 2013"]
[Site "Haguenau FRA"]
[Date "2013.06.08"]
[Round "10.3"]
[White "Genzling, Alain"]
[Black "Salgado Lopez, Ivan"]
[Result "0-1"]
[WhiteTitle "IM"]
[BlackTitle "GM"]
[WhiteElo "2401"]
[BlackElo "2598"]
[WhiteTeam "Vandoeuvre-Echecs"]
[BlackTeam "L'Echiquier Chalonnais"]
[WhiteFideId "632708"]
[BlackFideId "2257327"]
[EventDate "2013.05.30"]

1. c4 g6 2. g3 Bg7 3. Bg2 c5 4. Nc3 Nc6 5. e4 d6 6. Nge2 e6 7. d3 Nge7 8. O-O
O-O 9. Rb1 b6 10. Be3 Bb7 11. d4 a6 12. f4 cxd4 13. Nxd4 Nxd4 14. Bxd4 e5 15.
fxe5 Nc6 16. Be3 Nxe5 17. b3 b5 18. cxb5 axb5 19. a4 bxa4 20. bxa4 Qa5 21. Rxb7
Qxc3 22. Bg5 Nd3 23. Qf3 Rxa4 24. Bf6 Bxf6 25. Qxf6 Qxf6 26. Rxf6 Ra1+ 27. Bf1
Ne5 28. Rxd6 Rc8 29. Rf6 Rc4 30. Rf4 Re1 31. Kf2 Rcxe4 32. Rxe4 Rxe4 33. Be2 h5
34. h4 Kg7 35. Rb3 Ra4 36. Rb5 Kf6 37. Rb6+ Kf5 38. Rb5 Ke4 39. Rb3 Ra2 40. Rb4+
Kf5 41. Ke3 Ra3+ 42. Kf2 Ke6 43. Rb6+ Kd5 44. Rb5+ Kd6 45. Rb6+ Kc7 46. Rf6 Rc3
47. Ra6 Nc6 48. Bf3 Ne5 49. Be2 Kd7 50. Ra7+ Ke6 51. Ra6+ Ke7 52. Ra7+ Kf6 53.
Ra6+ Kg7 54. Ra5 Nc6 55. Ra4 Ne7 56. Rc4 Ra3 57. Rf4 Ra2 58. Kf3 Nf5 59. Bc4 Rc2
60. Bd5 Rd2 61. Bc4 Kf8 62. Bf1 Rb2 63. Bc4 Kg8 64. g4 hxg4+ 65. Rxg4 Kf8 66.
Bd3 Rb3 67. Ke2 Nh6 68. Rg1 Rb6 69. Rg5 Kg7 70. Ra5 Kf6 71. Kf3 Rb3 72. Ra6+ Kg7
73. Ke2 Rb4 74. h5 gxh5 75. Ra5 Rh4 76. Ke3 Rh3+ 77. Kd4 Ng4 78. Rg5+ Kh6 79.
Rg8 Nf6 80. Rg1 Ng4 81. Rf1 f6 82. Bf5 Kg5 83. Be6 Rg3 84. Rf5+ Kg6 85. Rf4 Nh6
86. Ke4 Kg5 87. Rf1 h4 88. Ra1 f5+ 89. Kd4 h3 0-1

[Event "French Top 12 2013"]
[Site "Haguenau FRA"]
[Date "2013.06.08"]
[Round "10.4"]
[White "Edouard, Romain"]
[Black "Brunner, Nicolas"]
[Result "1/2-1/2"]
[WhiteTitle "GM"]
[BlackTitle "IM"]
[WhiteElo "2659"]
[BlackElo "2412"]
[WhiteTeam "L'Echiquier Chalonnais"]
[BlackTeam "Vandoeuvre-Echecs"]
[WhiteFideId "633429"]
[BlackFideId "620246"]
[EventDate "2013.05.30"]

1. d4 d5 2. c4 c6 3. Nf3 Nf6 4. Nc3 e6 5. Bg5 dxc4 6. e4 b5 7. e5 h6 8. Bh4 g5
9. Nxg5 hxg5 10. Bxg5 Nbd7 11. g3 Rg8 12. h4 Rxg5 13. hxg5 Nd5 14. g6 fxg6 15.
Qg4 Qe7 16. Bg2 Kd8 17. Qxg6 Qb4 18. Qc2 N7b6 19. Rh8 Bd7 20. a3 Qe7 21. Qg6 Kc7
22. Kf1 Nxc3 23. bxc3 Nd5 24. Bxd5 cxd5 25. Rh7 Qe8 26. Qf6 Kc6 27. g4 Qd8 28.
Qf7 Qe8 29. Qf6 Qd8 30. Rh8 Qxf6 31. exf6 e5 32. g5 Bf5 33. dxe5 Kd7 34. Kg2 Ke6
35. Kg3 a5 36. Kf4 Bg6 37. Kg4 Rd8 38. f4 Re8 39. Rg8 Bh7 40. Rh8 Bg6 41. Rf1
Bf5+ 42. Kh5 Kf7 43. Re1 Bg6+ 44. Kg4 Ke6 45. Rg8 Bh7 46. Rh8 Bg6 47. Rg8 Bh7
48. f5+ Bxf5+ 49. Kh5 b4 50. axb4 axb4 51. cxb4 c3 52. g6 Bxg6+ 53. Rxg6 Bxb4
54. f7+ Kxf7 55. Rb6 Ba3 56. Rb3 Bb2 57. Rb7+ Ke6 58. Rb6+ Ke7 59. Rb7+ Ke6 60.
Rb6+ Ke7 1/2-1/2

[Event "French Top 12 2013"]
[Site "Haguenau FRA"]
[Date "2013.06.08"]
[Round "10.5"]
[White "Le Corre, Benjamin"]
[Black "David, Alberto"]
[Result "0-1"]
[WhiteTitle "FM"]
[BlackTitle "GM"]
[WhiteElo "2300"]
[BlackElo "2584"]
[WhiteTeam "Vandoeuvre-Echecs"]
[BlackTeam "L'Echiquier Chalonnais"]
[WhiteFideId "639605"]
[BlackFideId "4000013"]
[EventDate "2013.05.30"]

1. e4 c5 2. Nf3 e6 3. d4 cxd4 4. Nxd4 a6 5. Nc3 Qc7 6. Be3 Nf6 7. Bd3 b5 8. Qe2
Bb7 9. Bg5 Ba3 10. O-O Bxb2 11. Ndxb5 axb5 12. Nxb5 Qe5 13. Rab1 Bc6 14. Rxb2
Qxb2 15. Nd6+ Kf8 16. e5 Ne8 17. Nc8 Qb7 18. Be7+ Kg8 19. Nd6 Nxd6 20. exd6 Bxg2
21. Re1 Qf3 22. Qe5 Nc6 23. Qg5 h6 24. Qxg2 Qxg2+ 25. Kxg2 Nxe7 26. dxe7 Re8 27.
Rb1 f5 28. Rb7 Rxe7 29. a4 Kf7 0-1

[Event "French Top 12 2013"]
[Site "Haguenau FRA"]
[Date "2013.06.08"]
[Round "10.6"]
[White "Vernay, Clovis"]
[Black "Nezar, Mustapha"]
[Result "0-1"]
[WhiteTitle "IM"]
[BlackTitle "IM"]
[WhiteElo "2434"]
[BlackElo "2396"]
[WhiteTeam "L'Echiquier Chalonnais"]
[BlackTeam "Vandoeuvre-Echecs"]
[WhiteFideId "633046"]
[BlackFideId "608637"]
[EventDate "2013.05.30"]

1. d4 f5 2. c4 d6 3. Nf3 g6 4. h4 Nf6 5. h5 Nxh5 6. Rxh5 gxh5 7. Nc3 Bg7 8. Bg5
c6 9. e3 O-O 10. Nd2 Qe8 11. Be2 Be6 12. Qc2 Nd7 13. d5 Bf7 14. dxc6 bxc6 15.
Qxf5 Bg6 16. Qh3 Rb8 17. Nd1 Nc5 18. e4 e6 19. Qe3 Bxb2 20. Nxb2 Rxb2 21. f3 e5
22. Nb3 Nxb3 23. axb3 Qb8 24. Qxa7 Rxb3 25. Qxb8 Rfxb8 26. Be7 Rb1+ 27. Rxb1
Rxb1+ 28. Kf2 Kf7 29. Bxd6 Ke6 30. c5 Kf6 31. g3 Rb2 32. Ke3 Rb3+ 33. Kf2 Ra3
34. Bc4 Rc3 35. Ba6 Rc2+ 36. Ke3 Rg2 37. Bf1 Rxg3 38. Kf2 Rg5 39. f4 exf4 40.
Bg2 Be8 0-1

[Event "French Top 12 2013"]
[Site "Haguenau FRA"]
[Date "2013.06.08"]
[Round "10.7"]
[White "Guichard, Pauline"]
[Black "Cossin, Sebastien"]
[Result "0-1"]
[WhiteTitle "WGM"]
[BlackTitle "IM"]
[WhiteElo "2351"]
[BlackElo "2509"]
[WhiteTeam "Vandoeuvre-Echecs"]
[BlackTeam "L'Echiquier Chalonnais"]
[WhiteFideId "639370"]
[BlackFideId "618802"]
[EventDate "2013.05.30"]

1. d4 d5 2. Nf3 Nf6 3. c4 dxc4 4. e3 Bg4 5. Bxc4 e6 6. h3 Bh5 7. Nc3 Nbd7 8. O-O
Bd6 9. b3 O-O 10. Bb2 a6 11. Be2 b5 12. Ne5 Bxe2 13. Nxe2 c5 14. Rc1 Rc8 15. Nf4
Rc7 16. Qf3 cxd4 17. Rxc7 Nxe5 0-1

[Event "French Top 12 2013"]
[Site "Haguenau FRA"]
[Date "2013.06.08"]
[Round "10.3"]
[White "Le Roux, Jean-Pierre"]
[Black "Koch, Jean-Rene"]
[Result "1-0"]
[WhiteTitle "GM"]
[BlackTitle "IM"]
[WhiteElo "2576"]
[BlackElo "2473"]
[WhiteTeam "Bischwiller"]
[BlackTeam "Club d'Echecs Metz Fischer"]
[WhiteFideId "609404"]
[BlackFideId "600148"]
[EventDate "2013.05.30"]

1. d4 d5 2. Nf3 e6 3. c4 c5 4. cxd5 exd5 5. Bg5 Be7 6. Bxe7 Nxe7 7. dxc5 Qa5+ 8.
Nc3 Nbc6 9. e3 Qxc5 10. Be2 O-O 11. O-O Bg4 12. Rc1 Rad8 13. Qb3 Qd6 14. Rfd1
Qg6 15. Qxb7 Rb8 16. Qa6 Rxb2 17. Nxd5 Nxd5 18. Rxc6 Qe4 19. Rc4 Qe6 20. Rxg4
Nc3 21. Qxe6 fxe6 22. Kf1 Nxe2 23. Rc4 e5 24. Rd2 1-0

[Event "French Top 12 2013"]
[Site "Haguenau FRA"]
[Date "2013.06.08"]
[Round "10.4"]
[White "Wirig, Anthony"]
[Black "Kosten, Anthony C."]
[Result "1/2-1/2"]
[WhiteTitle "GM"]
[BlackTitle "GM"]
[WhiteElo "2498"]
[BlackElo "2479"]
[WhiteTeam "Club d'Echecs Metz Fischer"]
[BlackTeam "Bischwiller"]
[WhiteFideId "615013"]
[BlackFideId "400114"]
[EventDate "2013.05.30"]

1. d4 Nf6 2. c4 e6 3. Nc3 Bb4 4. Qc2 Nc6 5. Nf3 d6 6. Bd2 O-O 7. a3 Bxc3 8. Bxc3
a5 9. e3 a4 10. Be2 Qe7 11. O-O e5 12. dxe5 dxe5 13. Nd2 Bg4 14. Bd3 Bh5 15. Ne4
Bg6 16. Nxf6+ Qxf6 17. Rad1 Bxd3 18. Rxd3 Qg6 19. Rfd1 Qe4 20. Bb4 Nxb4 21. axb4
a3 22. bxa3 Rxa3 23. Rc3 Qxc2 1/2-1/2

[Event "French Top 12 2013"]
[Site "Haguenau FRA"]
[Date "2013.06.08"]
[Round "10.5"]
[White "Buhmann, Rainer"]
[Black "Terrieux, Kevin"]
[Result "1/2-1/2"]
[WhiteTitle "GM"]
[BlackTitle "IM"]
[WhiteElo "2578"]
[BlackElo "2427"]
[WhiteTeam "Bischwiller"]
[BlackTeam "Club d'Echecs Metz Fischer"]
[WhiteFideId "4651340"]
[BlackFideId "622591"]
[EventDate "2013.05.30"]

1. d4 Nf6 2. c4 c5 3. d5 b5 4. a4 Qa5+ 5. Bd2 b4 6. Bg5 d6 7. Nd2 g6 8. e4 Bg7
9. b3 O-O 10. Bd3 Nbd7 11. Ngf3 h6 12. Bh4 Ba6 13. Rc1 Rae8 14. O-O e6 15. Bb1
Nh5 16. g4 Nf4 17. Bg3 e5 18. Ne1 h5 19. Bxf4 exf4 20. gxh5 Bc8 21. Kh1 Qd8 22.
Rg1 g5 23. Nef3 Bh6 24. h4 g4 25. Rxg4+ Kh8 26. Rg2 Ne5 27. Nxe5 Rxe5 28. Qf3
Qxh4+ 29. Rh2 Qf6 30. Rg1 Rg8 31. Rxg8+ Kxg8 32. Qd3 Bg4 33. Nf3 Rxh5 34. Rxh5
Bxh5 35. Bc2 Bg7 36. Kg2 Bxf3+ 37. Kxf3 Qh4 38. Ke2 Bd4 39. Qf3 Kg7 40. Bd1 a5
41. Kd3 Kf6 1/2-1/2

[Event "French Top 12 2013"]
[Site "Haguenau FRA"]
[Date "2013.06.08"]
[Round "10.6"]
[White "Chernov, Vadim"]
[Black "Marcelin, Cyril"]
[Result "1/2-1/2"]
[WhiteTitle "IM"]
[BlackTitle "GM"]
[WhiteElo "2462"]
[BlackElo "2488"]
[WhiteTeam "Club d'Echecs Metz Fischer"]
[BlackTeam "Bischwiller"]
[WhiteFideId "1210629"]
[BlackFideId "607274"]
[EventDate "2013.05.30"]

1. e4 c5 2. Nf3 Nc6 3. Bb5 Nf6 4. Nc3 Qc7 5. O-O Nd4 6. Bc4 e6 7. d3 a6 8. Nxd4
cxd4 9. Ne2 Nxe4 10. dxe4 Qxc4 11. b3 Qc6 12. Nxd4 Qxe4 13. Re1 Qg6 14. Re3 f6
15. Qe2 Bd6 16. a4 O-O 17. Ba3 Bxa3 18. Rxa3 b6 19. f4 Bb7 20. Ra1 f5 21. Rd1
Be4 22. c4 d6 23. Nf3 Rfd8 24. Rd4 e5 25. fxe5 dxe5 26. Nxe5 Qf6 27. Rxd8+ Rxd8
28. Nf3 Qa1+ 29. Kf2 a5 30. Ng5 Qf6 31. h4 h6 32. Nxe4 fxe4+ 33. Kg3 Qe5+ 34.
Kh3 Rd4 35. g3 h5 36. Kg2 g6 37. Kh3 Qe6+ 38. Kg2 Qd6 39. Qf2 Kg7 40. Kh3 Qf6
41. Kg2 Qe5 42. Qe1 Kg8 43. Qe2 Qd6 44. Qf2 Rd2 45. Re2 Rxe2 46. Qxe2 Qd4 47.
Qf2 e3 48. Qf4 Qd2+ 49. Kh3 Qd7+ 50. Kg2 Qd2+ 51. Kh3 Qd7+ 1/2-1/2

[Event "French Top 12 2013"]
[Site "Haguenau FRA"]
[Date "2013.06.08"]
[Round "10.7"]
[White "Bellahcene, Bilel"]
[Black "Neiman, Emmanuel"]
[Result "1/2-1/2"]
[WhiteTitle "FM"]
[BlackTitle "FM"]
[WhiteElo "2355"]
[BlackElo "2338"]
[WhiteTeam "Bischwiller"]
[BlackTeam "Club d'Echecs Metz Fischer"]
[WhiteFideId "696358"]
[BlackFideId "601616"]
[EventDate "2013.05.30"]

1. d4 Nf6 2. Nf3 e6 3. g3 d5 4. Bg2 Be7 5. O-O O-O 6. c4 c6 7. Qc2 b6 8. b3 Bb7
9. Nbd2 Na6 10. Bb2 Rc8 11. e4 c5 12. exd5 exd5 13. Rad1 dxc4 14. Nxc4 Qc7 15.
Qe2 Rfe8 16. Ne3 Nb4 17. a3 Nbd5 18. Nxd5 Bxd5 19. dxc5 Bxb3 20. Rc1 bxc5 21.
Nd2 Be6 22. Nc4 Nd7 23. Rfd1 Bxc4 24. Qxc4 Bf6 25. Bxf6 Nxf6 26. Bh3 Rcd8 27.
Rxd8 Rxd8 28. Qxc5 Rd1+ 29. Rxd1 Qxc5 30. Rd8+ Qf8 31. Rxf8+ Kxf8 32. Kf1 Ke7
33. Ke2 Kd6 34. Kd3 Kc5 35. f3 Ne8 36. Bd7 Nd6 37. Ba4 Nc4 38. Bb3 Nxa3 39. Bxf7
Nb5 40. h4 h6 41. g4 a5 42. g5 a4 43. f4 a3 44. gxh6 gxh6 45. Ba2 Nd6 46. Kc3
Nf5 47. Kb3 Nxh4 48. Kxa3 Kd4 49. Kb2 Ke4 50. Kc2 Nf3 51. Bf7 Kxf4 52. Kd1 1/2-1/2

[Event "French Top 12 2013"]
[Site "Haguenau FRA"]
[Date "2013.06.08"]
[Round "10.8"]
[White "Leconte, Maria"]
[Black "Maisuradze, Nino"]
[Result "1/2-1/2"]
[WhiteTitle "WGM"]
[BlackTitle "WGM"]
[WhiteElo "2225"]
[BlackElo "2304"]
[WhiteTeam "Club d'Echecs Metz Fischer"]
[BlackTeam "Bischwiller"]
[WhiteFideId "618446"]
[BlackFideId "13601717"]
[EventDate "2013.05.30"]

1. e4 c5 2. Nc3 a6 3. Nf3 b5 4. d4 e6 5. Be2 Bb7 6. Bg5 Qc7 7. d5 Nf6 8. Bxf6
gxf6 9. O-O d6 10. Nh4 Nd7 11. dxe6 fxe6 12. Bh5+ Ke7 13. Re1 c4 14. f4 Qc5+ 15.
Kh1 Rg8 16. Bf3 Rb8 17. Qd2 Bh6 18. g3 Ne5 19. Bg2 Kd7 20. Qe2 Ng6 21. Nxg6 hxg6
22. e5 Bxg2+ 23. Qxg2 f5 24. exd6 Rb6 25. Rad1 Qc6 26. Ne2 Qxg2+ 27. Kxg2 Rxd6
28. Rxd6+ Kxd6 29. Rd1+ Kc7 30. b3 cxb3 31. cxb3 Re8 32. Rc1+ Kd7 33. Rd1+ Kc7
34. Rc1+ Kd7 35. Rd1+ 1/2-1/2

[Event "French Top 12 2013"]
[Site "Haguenau FRA"]
[Date "2013.06.08"]
[Round "10.1"]
[White "Navara, David"]
[Black "Sanikidze, Tornike"]
[Result "1/2-1/2"]
[WhiteTitle "GM"]
[BlackTitle "GM"]
[WhiteElo "2697"]
[BlackElo "2549"]
[WhiteTeam "Mulhouse Philidor"]
[BlackTeam "C.E. Strasbourg"]
[WhiteFideId "309095"]
[BlackFideId "13602608"]
[EventDate "2013.05.30"]

1. e4 c5 2. Nf3 d6 3. d4 cxd4 4. Nxd4 Nf6 5. Nc3 Nc6 6. Bg5 e6 7. Qd2 a6 8.
O-O-O Bd7 9. f4 h6 10. Bh4 g5 11. fxg5 Ng4 12. Nf3 hxg5 13. Bg3 Be7 14. Bxd6
Bxd6 15. Qxd6 Nf2 16. Nd5 exd5 17. exd5 Be6 18. dxc6 Qxd6 19. Rxd6 Nxh1 20. cxb7
Rb8 21. Bxa6 Ke7 22. Rb6 Nf2 23. Ne5 Bd5 24. c4 Be4 25. c5 Rhd8 26. b4 f6 27.
Nc6+ Bxc6 28. Rxc6 Nd3+ 29. Bxd3 Rxd3 30. Rb6 Kd8 31. Kc2 Rd5 32. Kc3 Kc7 33.
Rxf6 Rxb7 34. a4 Rd1 35. b5 Kb8 36. b6 Rc1+ 37. Kb4 Kc8 38. Kb5 Re7 39. a5 Re5
40. Ka6 Rcxc5 41. b7+ Kc7 42. Rf7+ Kc6 43. Rf6+ Kc7 44. Rf7+ 1/2-1/2